000
00237 a2200097 4500
001
35097
100
_a
SHU Ahmed Shuja Pasha
245
_a
Pakistan : A political profile
260
_a
Lahore
_b
Sange-e-Meel Pubs
_c
090
_c
23242
_d
23242
942
_a
NUST-CAE
_c
M
_c
14717
999
_c
270170
_d
270170